Podstatné zrýchlenie tempa

Nový variant komplexného projektu prípravy a realizácie výstavby diaľníc na území SR. Pripravované úseky diaľníc sú súčasťou hlavných európskych koridorov (II. Paneurópska konferencia na Kréte v r. 1994). Tri časové horizonty postupu výstavby: polrok 1998, r. 2000, r. 2005.

Enregistré dans:
Détails bibliographiques
Format: Chapitre de livre
Langue:slovaque
Sujets:
Tags: Ajouter un tag
Pas de tags, Soyez le premier à ajouter un tag!

MARC

LEADER 00000naa a2200000 4500
001 r023591
005 20230925095112.2
041 0 |a slo 
044 |a SK 
245 1 0 |a Podstatné zrýchlenie tempa 
520 |a Nový variant komplexného projektu prípravy a realizácie výstavby diaľníc na území SR. Pripravované úseky diaľníc sú súčasťou hlavných európskych koridorov (II. Paneurópska konferencia na Kréte v r. 1994). Tri časové horizonty postupu výstavby: polrok 1998, r. 2000, r. 2005. 
610 2 0 |a diaľnice 
610 2 0 |a Slovensko 
610 2 0 |a 1996-2005 
610 2 0 |a doprava cestná 
610 2 0 |a siete dopravné